|
|
|
|
| LEADER |
01352nam a2200373Ia 4500 |
| 001 |
EBC1113165 |
| 003 |
MiAaPQ |
| 005 |
20200520144314.0 |
| 006 |
m o d | |
| 007 |
cr cn||||||||| |
| 008 |
120627s2013 si a sb 001 0 eng d |
| 020 |
|
|
|z 9789814273367
|
| 020 |
|
|
|z 9789814273374
|
| 020 |
|
|
|z 9814273368 (hbk.)
|
| 035 |
|
|
|a (MiAaPQ)EBC1113165
|
| 035 |
|
|
|a (Au-PeEL)EBL1113165
|
| 035 |
|
|
|a (CaPaEBR)ebr10648644
|
| 035 |
|
|
|a (CaONFJC)MIL428398
|
| 035 |
|
|
|a (OCoLC)827210194
|
| 040 |
|
|
|a MiAaPQ
|c MiAaPQ
|d MiAaPQ
|
| 050 |
|
4 |
|a HB615
|b .E58 2013
|
| 082 |
0 |
4 |
|a 338.040951
|2 23
|
| 245 |
0 |
0 |
|a Entrepreneurship and economic growth in China
|h [electronic resource] /
|c editors Ting Zhang, Roger R. Stough.
|
| 260 |
|
|
|a Singapore ;
|a London :
|b World Scientific,
|c 2013.
|
| 300 |
|
|
|a xix, 337 p. :
|b ill.
|
| 504 |
|
|
|a Includes bibliographical references and index.
|
| 533 |
|
|
|a Electronic reproduction. Ann Arbor, MI : ProQuest, 2015. Available via World Wide Web. Access may be limited to ProQuest affiliated libraries.
|
| 650 |
|
0 |
|a Entrepreneurship
|z China.
|
| 651 |
|
0 |
|a China
|x Economic conditions
|y 2000-
|
| 655 |
|
4 |
|a Electronic books.
|
| 700 |
1 |
|
|a Zhang, Ting.
|
| 700 |
1 |
|
|a Stough, Roger.
|
| 710 |
2 |
|
|a ProQuest (Firm)
|
| 856 |
4 |
0 |
|u https://ebookcentral.proquest.com/lib/matrademy/detail.action?docID=1113165
|z Click to View
|